| 000 | 01267nam0a22003131 4500 | ||
|---|---|---|---|
| 001 | rc\2228378 | ||
| 005 | 20250623065038.0 | ||
| 035 | _a(NLR Aleph) 006646132 | ||
| 090 |
_a4745247 _c4745247 |
||
| 100 | _a20110829d1978 |||y0rusy50 ca | ||
| 101 | 0 | _arus | |
| 102 | _aRU | ||
| 105 | _aa z ||||| | ||
| 200 | 1 |
_aТермодинамическая эффективность производства вторичных энергоносителей в термохимических циклах _f[И.Л. Варшавский, В.В. Соловей, В.А. Попович, Г.Н. Яневич] |
|
| 210 |
_aХарьков _cИн-т проблем машиностроения _d1978 |
||
| 215 |
_a28 с. _cил. _d20 |
||
| 225 | 1 |
_aПрепринт _fАН УССР, ИПМаш АН УССР _v61 |
|
| 320 | _aБиблиогр.: с. 28 | ||
| 701 | 1 |
_aПопович _bВ.А. |
|
| 701 | 1 |
_aЯневич _bГ.Н. |
|
| 701 | 1 |
_aСоловей _bВ.В. |
|
| 701 | 1 |
_aВаршавский _bИ.Л. _gИлья Львович |
|
| 712 | 0 | 2 |
_aИнститут проблем машиностроения _cХарьков |
| 801 | 0 |
_aRU _bNLR _gpsbo |
|
| 801 | 1 |
_aRU _bELAR _2rusmarc |
|
| 852 |
_aNLR _j79-4/5045 |
||
| 899 |
_aRuMoRGB _jБр 201/100 |
||
| 942 | _cBOOK | ||
| 980 | _aNB | ||